A-Z: animals & plants ending in i - Statistics

General Stats
  • This quiz has been taken 12 times
  • The average score is 11 of 26
Answer Stats
Initial letter Clue Organism's name ending in i % Correct
K Flightless bird of New Zealand Kiwi
100%
D Species name of a spurfowl named after an African country Djibouti
82%
H Enormous African river mammals with cavernous mouths Hippopotami
82%
O Smaller relative of the giraffe Okapi
82%
W Wales-based version of a dog breed beloved by the Queen Welsh corgi
82%
F Species name of a bush warbler which is named after a country Fiji
73%
G Fish named after an Italian revolutionary (and biscuit) Garibaldi
73%
L Species name of a kingfisher which is also the second word of a type of gemstone Lazuli
55%
S Dinosaurs with kite-shaped upright plates along their backs and spikes on their tails Stegosauri
55%
T Terrifying carnivorous dinosaurs Tyrannosauri
55%
E The last word in the scientific name of the pineapple lily, which comes from botanist I.B. Pole Evans Evansii
36%
I Large lemur Indri
36%
J Dog breed which is a cross between a Jack Russell terrier and a Chihuahua Jack-chi
36%
M Species name of a penguin with yellow tufts on its forehead Macaroni
36%
Q One of the largest flying animals ever, this pterosaur had a 40-foot wingspan and was named after the Aztec god Quetzalcoatl and aerospace pioneer John Northrop Quetzalcoatlus northropi
36%
A Species name of a snowcock found in the mountains of central Asia Altai
27%
B Large fish of Australia and the Indo-Pacific, also known as Asian sea bass Barramundi
27%
C Long-snouted relative of the raccoon Coati
27%
R The second word in the scientific name of Ricord's giant anole, a lizard from Hispaniola Ricordii
27%
Y Light orangey variety of fruit-bearing plant Yellow kiwi
27%
P Species name of a cicadabird from the Caroline Islands in Micronesia Pohnpei
18%
U Red-faced South American monkey Uakari
9%
X Mexican breed of dog Xoloitzcuintli
9%
N Indian antelope Nilgai
0%
V Purple shrub similar to heather Violet pichi
0%
Z Old name for a mole-rat, which is also the second word of its scientific name Zemni
0%
No matching quizzes found
Score Distribution
Percent of People with Each Score
Percentile by Number Answered
Your Score History
You have not taken this quiz